La Jurisdiccion Constitucional De La Libertad : (رقم التسجيلة. 77790)
[ عرض عادي ]
| 000 -LEADER | |
|---|---|
| fixed length control field | 01255nam a2200325 i 4500 |
| 003 - CONTROL NUMBER IDENTIFIER | |
| control field | EG-GICUC |
| 005 - DATE AND TIME OF LATEST TRANSACTION | |
| control field | 20260605013220.0 |
| 008 - FIXED-LENGTH DATA ELEMENTS--GENERAL INFORMATION | |
| fixed length control field | 260605s1961 mx ||||f |||| 000 0 fre d |
| 040 ## - CATALOGING SOURCE | |
| Original cataloging agency | EG-GiCUC |
| Language of cataloging | fre |
| Transcribing agency | EG-GiCUC |
| Modifying agency | EG-GiCUC |
| Description conventions | Rda |
| 041 ## - LANGUAGE CODE | |
| Language code of text/sound track or separate title | fre |
| Language code of original | fre |
| 082 04 - DEWEY DECIMAL CLASSIFICATION NUMBER | |
| Classification number | 342.351 |
| Item number | CA . J |
| 092 04 - LOCALLY ASSIGNED DEWEY CALL NUMBER (OCLC) | |
| Edition number | 21 |
| 099 ## - LOCAL FREE-TEXT CALL NUMBER (OCLC) | |
| Classification number | Law1 08 342.351 CA . J 1961 0803908 C1 |
| 100 1# - MAIN ENTRY--PERSONAL NAME | |
| Personal name | Cappelletti, Mauro |
| Relator term | Auteur |
| 245 13 - TITLE STATEMENT | |
| Title | La Jurisdiccion Constitucional De La Libertad : |
| Remainder of title | Con Referencia A Los Ordenamientos Aleman, Suizo Y Austriaco / |
| Statement of responsibility, etc. | Par Mauro Cappelletti ; Traduccion Estudio Sobre La Jurisdiccion Constitucional Mexicana Hector Fix Zamudio ; Prologo Del Dr. Mariano Azuela. |
| 264 #1 - PRODUCTION, PUBLICATION, DISTRIBUTION, MANUFACTURE, AND COPYRIGHT NOTICE | |
| Place of production, publication, distribution, manufacture | Mexico : |
| Name of producer, publisher, distributor, manufacturer | Imprenta Universitaria, |
| Date of production, publication, distribution, manufacture, or copyright notice | 1961. |
| 300 ## - PHYSICAL DESCRIPTION | |
| Extent | 247 Page ; |
| Dimensions | 24 cm. |
| 336 ## - CONTENT TYPE | |
| Source | rda contenu |
| Content type term | texte |
| 337 ## - MEDIA TYPE | |
| Source | rda medias |
| Media type term | Ordinateur |
| 338 ## - CARRIER TYPE | |
| Source | transporteur rda |
| Carrier type term | Ressource en ligne |
| 500 ## - GENERAL NOTE | |
| General note | Index Pages : 407-416. |
| 504 ## - BIBLIOGRAPHY, ETC. NOTE | |
| Bibliography, etc. note | Bibliography Pages : 402-404. |
| 650 14 - SUBJECT ADDED ENTRY--TOPICAL TERM | |
| Topical term or geographic name entry element | Droit constitutionnel |
| 650 14 - SUBJECT ADDED ENTRY--TOPICAL TERM | |
| Topical term or geographic name entry element | Libertés politiques |
| 700 1# - ADDED ENTRY--PERSONAL NAME | |
| Personal name | Zamudio, Hector Fix |
| Relator term | Traducteur |
| 700 1# - ADDED ENTRY--PERSONAL NAME | |
| Personal name | Azuela, Mariano |
| Relator term | Préfacier |
| 856 40 - ELECTRONIC LOCATION AND ACCESS | |
| Uniform Resource Identifier | <a href="https://fll.law.cu.edu.eg/fulltext/bks/B08-03908.pdf">https://fll.law.cu.edu.eg/fulltext/bks/B08-03908.pdf</a> |
| 905 ## - Cataloger and Reviser Names | |
| Cataloger Name: | Mohamed Yosri |
| 942 ## - ADDED ENTRY ELEMENTS (KOHA) | |
| Source of classification or shelving scheme | Dewey Decimal Classification |
| Koha item type | Books |
| Edition | 21 |
| Suppress in OPAC | No |
| Withdrawn status | Lost status | Source of classification or shelving scheme | Damaged status | Not for loan | Collection | Home library | Current library | Date acquired | Total checkouts | Full call number | Barcode | Date last seen | Copy number | Price effective from | Koha item type |
|---|---|---|---|---|---|---|---|---|---|---|---|---|---|---|---|
| Dewey Decimal Classification | Not for loan | القانون الدستوري | جــــامعة القــاهرة | مكتبة كلية الحقوق - المبنى الرئيسي | 05.06.2026 | Law1 08 342.351 CA . J 1961 0803908 C1 | B08-03908 | 05.06.2026 | 1 | 05.06.2026 | Books |